[Event "IBM"]
[Site "Amsterdam NED"]
[Date "1966.??.??"]
[Round "1"]
[White "Botvinnik, Mikhail URS"]
[Black "Szilagyi, Gyorgy"]
[Result "1-0"]
[WhiteElo "2697"]
[BlackElo "2433"]
[EventDate "1966.??.??"]
[PlyCount "72"]
[EventType "tourn"]
[EventRounds "9"]
[EventCountry "NED"]
[Source "ChessBase"]
[SourceDate "1999.07.01"]
[WhiteTeamCountry "NED"]
[BlackTeamCountry "URS"]

{Baby Steps

Little tactics can be difficult to appreciate because the changes they 
bring
about are so slight, such as repositioning a lazy piece or opening a 
diagonal.
Unless you can be sure that the repositioned piece is on a better square 
or the
diagonal will matter, the change may have no benefit, or even backfire.

Let's see how a world champion used little tactics.} 
1. g3 d5 2. Nf3 c6 3. Bg2 Bg4 4. d3 Nd7 5. h3 Bxf3 6. Bxf3 e5 7. Nd2 Ngf6 
8. e4 dxe4 9. dxe4 Bc5 10. O-O Qe7 11. c3 O-O 12. b4 Bb6 13. a4 Rfd8 14. 
Qc2 Rac8 15. Be2 c5 16. b5 Ne8 17. Nc4 Nd6 D {Little tactics can be 
difficult to appreciate because the changes they bring
about are so slight, such as repositioning a lazy piece or opening a 
diagonal.
Unless you can be sure that the repositioned piece is on a better square 
or the
diagonal will matter, the change may have no benefit, or even backfire.
Let's see how a world champion used little tactics.


The first moves that catch the eye of most players are the forcing 18 a5 
and
18 R:d1l .
Many players would prefer 18 Rd1 for two reasons. It develops a piece, and
the natural defense, 1 .. . Nxc4, allows White to post his light-squared 
bishop on
a terrific diagonal, 2 .Bxc4.
But a master would want more out of the position, as we' ll see in the 
next
chapter. White's chances are already so good that he should check out 
another
develop-with-tempo move,} 18. Bg5! ( 18. Rd1 Nxc4 19. Bxc4 Ba5 20. Be3 h6 
+= ) 18. ... f6?! ( {It is tactically justified by} 18. ... Qxg5 19. Nxd6 
{Moreover, White can see that
if Black tries to avoid this by means of 18 . . . Nf6? he gets into a 
nasty pin. White
can exploit it with 20 Ne3 ! and  Nd5 .
So far, so good. But there are still at least two major questions. The 
first is:
How good is Qxg5 Nxd6

Has White improved his chances since the
position in the previous diagram?

He has. His knight is well placed at d6, and if the attacked Black rook 
goes
to c7, the Black bishop is trapped by 3 a5 ! .
Moreover, if the rook goes to b8, White can take aim at another target, fl
, in
coordination with Bc4 ! . Then if Black defends with 3 . . .Rf8, White can
choose between going after the b-pawn with 4 Bd5 or increasing pressure 
with
4 Rfd1 .
That's a lot to calculate, and some players - even masters - would stop 
after
they saw 3 Bc4. Some - including masters - might stop after visualizing
2 Nxd6 and conclude that the position just has to be good for White.} 
19. ... c4 20. Kg2 Rc7 21. Rad1 Bc5 22. Nxc4 Re8 +/- ) 19. Be3 Nxc4 20. 
Bxc4+ Kh8 D {White hasn't won material or created a vulnerable pin. But he
improved his
position considerably. He not only got his bishop to the good diagonal but
that
diagonal was extended to Black's first rank.
White proceeded to squeeze Black's minor pieces with} 21. a5 Bc7 22. Rfd1 
Nf8 23. Qa2! {stopped Black's knight from coming into play via . . . Ne6.
White can visualize a mating attack by lining up his queen in front of the
lightsquared
bishop and threatening  Qg8.
With so little room to operate in, Black swapped rooks,} 23. ... Rxd1+ 24.
 Rxd1 Rd8 25. Rxd8 Bxd8 26. a6 b6 D 27. Kg2 {The point to appreciate here 
is that the key to White's victory was 18 Bg5 !
f6. That one-move tactical line created a concession that proved to be 
huge.
Black did not have a major improvement after 2 Be3, and soon after that 
White
had a positionally won game, thanks to additional forcing moves like 4 a5 
and
9 a6.} ( 27. Qe2! Ne6 28. Qg4! ( 28. Qd1 ) 28. ... Ng5 29. Bxg5 fxg5 30. 
Qc8 h5 ) 27. ... Qd7 {The point to appreciate here is that the key to 
White's victory was 18 Bg5 !
f6. That one-move tactical line created a concession that proved to be 
huge.
Black did not have a major improvement after 2 i.e3, and soon after that 
White
had a positionally won game, thanks to additional forcing moves like 4 aS 
and
9 a6.} 28. Qe2 Ng6 29. Bb3 Ne7 30. Qc4 h6 31. Qf7 Kh7 32. Bc4 Qd6 33. h4 
Qd1 34. Qe8 f5 35. exf5 Nxf5 36. Bg8+ Kh8 1-0

[Event "Groningen PCA"]
[Site "Groningen NED"]
[Date "1993.??.??"]
[Round "7"]
[White "Bareev, Evgeny"]
[Black "Yudasin, Leonid"]
[Result "1-0"]
[WhiteElo "2660"]
[BlackElo "2605"]
[EventDate "1993.12.??"]
[Annotator "Dautov"]
[EventType "swiss"]
[EventRounds "11"]
[EventCountry "NED"]
[Source "ChessBase"]
[SourceDate "2004.01.01"]
[WhiteTeamCountry "GER"]
[BlackTeamCountry "GER"]

{The Tactical Habit The biggest obstacle to learning how to use little 
tactics is the mindset that tells you that tactics are used to attack. One
way to rid yourself of this notion is to examine master games that have 
nothing to do with attack. 

You might choose games with quiet openings, such as the more positional 
lines of the Queen's Indian, French, and Nimzo-Indian Defenses. After each
move, try to find a tactical point. 

Don't rely on annotations to point them out. Annotators, particularly 
elite GMs, regularly omit mention of key tactical points. They seem to 
think they're too obvious and unworthy of their comment. Don't expect 
every move that's played to have a tactical subtext. But appreciate the 
way a master blends tactics and strategy together. Consider the next 
example.} 
1. d4 Nf6 2. c4 e6 3. Nc3 Bb4 4. Qc2 c5 5. dxc5 Qc7 6. Nf3 ( 6. a3 {Ernst}
6. ... Bxc5 7. b4 Be7 8. Nb5 ( 8. e4 a6 9. f4 d6 10. Bd3 Nbd7 11. Nf3 Nb6 
12. Qe2 d5! = {Chekhov,V-Petrosian,A/Moscow7op/1991/} ) 8. ... Qc6 9. Nf3 
d6 ( 9. ... a6 10. Nfd4 Qb6 11. c5 Qd8 12. Nd6+ Bxd6 13. cxd6 O-O 14. Bb2 
Ne8 15. Rd1 Nxd6 16. g3 =/& {Peicheva,V-Bellin,J/Novi Sad olw/1990/} ) 10.
 Nfd4 Qb6! ( 10. ... Qd7? 11. Bb2 b6 12. Rd1 Bb7 13. Nf3! +/- {
Dorfman,J-Tal,M/Barcelona/ 1992/} ) 11. Be3 ( 11. Nb3 a6 12. N5d4 ( 12. 
Nc3 Nbd7 13. e3 Qc7 14. Bb2 b6 15. Be2 Bb7 = {
Gretarsson,HA-Gipslis,A/Gausdal int/1993/} ) 12. ... Nc6 13. Bb2 Bd7 14. 
e3 Rc8 = {Sherbakov,R-Petrosian,A/EUCup-qual/1991/} ) 11. ... Qd8 12. Nb3 
a6 13. Nc3 b6 = {Van Riemsdijk,H-Petrosian,A/Groningen op/1990/} ) 6. ... 
Bxc5 7. g3! ( 7. Bg5 {Ernst} ) 7. ... b6?! ( 7. ... a6 8. Bf4! ( 8. Bg2 b5
! ~ ) 8. ... d6 9. Bg2 Nbd7 10. O-O O-O 11. Rad1 h6 12. a3 Nh5 13. Bc1 
Nhf6 14. b4 Ba7 15. Qd3 Bb8 16. Bf4 e5 17. Be3 b6 18. Nh4 +/- {
Bareev-Razuvaev/Tilburg/1993} ) ( 7. ... Qb6!? 8. e3 ( 8. e4 Ng4 9. Nd1 
Nc6 â‡„â‡„ ) 8. ... d5 ( 8. ... O-O 9. Bg2 Be7 10. O-O Nc6 11. e4 += ) 9. 
Bg2 ( 9. cxd5 Nxd5 10. Nxd5 exd5 11. Bg2 Nc6 12. O-O h6 13. Bd2 Be6 14. 
Rac1 Be7 15. Bc3 += ) 9. ... dxc4 10. O-O Be7 11. Qa4+ Bd7 12. Qxc4 Bc6 
13. e4 Nbd7 = ) 8. Bf4! Qc6 9. Bg2 Bb7 10. O-O O-O D {---------------- 
diagram --------------- The position of Black's queen suggests it can be 
exploited. But by 'exploited' , we don't mean White should be able to win 
the queen or even a pawn. Rather, he can try for some positional plus, 
like a superior pawn structure or more space.} 11. e4! +/- {So Black 
played} ( {For example, he can drive the queen off the diagonal with} 11. 
Ne1 Qc8 12. Bxb7 Qxb7 13. e4 {But Black can use little tactics of his own,
with} 13. ... Bb4! 14. Nb5 a6 15. Nd6 Qc6 ) ( 11. Rad1! Be7 12. b3 Qc8 13.
 Nb5 Be4 14. Qb2 +/- ) 11. ... Be7 {safeguarding the bishop and 
threatening 2 . . . Qxc4. But White used his fine tactical sense to 
enlarge his edge with} ( 11. ... Nxe4?? 12. Ne5 +- {costs a piece. That's 
a fairly primitive tactic. But it pays off in the positional column. After
I e4 ! White has the better center and threatens to gain more space by 
pushing to e5. If Black tries to discourage that with I ... d6, his bishop
has no retreat from c5. It might be trapped if White can engineer b2-b4. }
( 12. Ng5 {Bareev} 12. ... d5 13. Ngxe4 dxe4 14. Bxe4 Qc8 15. Bxh7+ +/- ) 
) ( 11. ... d6!? 12. a3 a5 13. Nh4! {/\e5} 13. ... e5 ( 13. ... Nh5 14. 
Bd2 +/- {/\g4,e5} ) 14. Bg5 Nbd7 15. Nf5 +/- ) 12. e5! Nh5 ( 12. ... Ne8 {
Bareev} 13. Rad1 +/- ) 13. Be3! D f5 {But White wasn't done with little 
tactics. He shot back 14. Ne1} ( 13. ... Qxc4? {Ernst} 14. Nd2 ( 14. Ng5 
Bxg5 15. Bxb7 += ) 14. ... Qc8 15. Bxb7 Qxb7 16. g4 +/- ) 14. Ne1! Qc8 15.
 f4! {which gives him a big edge in space and a pawn structure that 
greatly favors his pieces. Once again tactics stopped Black from grabbing 
a pawn,} 15. ... Bxg2 16. Qxg2 Na6 ( 16. ... Nc6 17. Qe2 g6 18. Nf3 +/- ) 
17. Qe2! {!? Bareev attacking the knight and prompting a new weakness -} 
17. ... g6 18. Rd1 Rd8 19. Nf3 Nc7 20. Rd3 Ne8 21. Rfd1! {Black managed to
liquidate his worst weakness with} 21. ... d6 ( {Rather than spend a tempo
on 21 b3 to protect the pawn, White had figured
out that} 21. ... Qxc4 22. Rxd7 Qxe2 23. Nxe2 Kf8 ( 23. ... Rxd7 {Ernst} 
24. Rxd7 +/- ) 24. Nc3 +/- ) 22. b3 dxe5 23. Rxd8 Bxd8 24. Nxe5 Bf6?! {
><Nh5} ( 24. ... Nhf6 {>=} 25. Qf3 Be7 26. Nc6 Kf8 27. Bd4!? Qb7 28. Re1 
Ng7 29. Kg2 +/- ) 25. Qf3 Rb8 26. Nb5 {Count it up and you '11 find more 
than half a dozen threats and minor tactics.
Looking at games like this should deepen your appreciation of little 
tactics.
Among contemporary players, Vishy Anand, Vladimir Kramnik, Hikaru
Nakamura and Magnus Carlsen regularly use little tactics to the full and 
their
games are a rich source of study material. Among the older players whose
games you might consider there is Samuel Reshevsky, Mikhail Botvinnik,
Anatoly Karpov, Akiba Rubinstein, Svetozar Gligoric, Vasily Smyslov and
Tigran Petrosian.
Yes, Petrosian. After one of Boris Spassky's world championship matches
with Petrosian, he told Gligoric, "You know, Gliga, Tigran is first and 
foremost
a stupendous tactician."} ( 26. Qc6! Bxe5 27. Qxc8 Rxc8 28. fxe5 +- ) 
26. ... Bxe5 ( 26. ... Rb7 27. Qc6 Qxc6 28. Nxc6 a6 29. Nbd4 ( 29. Nba7 {
Bareev} 29. ... h6 30. b4 g5 31. b5 axb5 32. cxb5 +- ) 29. ... Nhg7 30. 
Nf3 +/- ) 27. fxe5 Rb7 28. Nd6 Nxd6 29. Rxd6! {<->d} ( 29. exd6 Rd7 ) 
29. ... Ng7 30. Bg5 ( 30. Qd1!? Kf7 31. Qd4 +/- {/\Qh4} ) 30. ... Kf7 31. 
Rd8 Qc7 ( 31. ... Qc5+ {Bareev} 32. Kg2 +/- ) 32. Rh8 {! Bareev} 32. ... 
Rb8 33. Rxb8 ( 33. Rxh7? Kg8 ( 33. ... Qxe5 ~ {Ernst} ) 34. Rh6 Qxe5 += ) 
33. ... Qxb8 34. Qe3 Qc7 35. Qd4 Ke8?! {? Bareev} ( 35. ... Ne8 {>=} 36. 
b4 Kg7 37. h4 +/- ) ( 35. ... Qc5 {Ernst} 36. Qxc5 bxc5 37. Be3 +- ) ( 
35. ... Qc6! {Bareev} ) 36. b4 f4?! 37. g4 +- b5 38. c5 Qd7 39. Qd6 Qxd6 
40. cxd6 Kd7 41. Kf2 1-0

[Event "Portoroz Interzonal"]
[Site "Portoroz SLO"]
[Date "1958.??.??"]
[Round "3"]
[White "Averbakh, Yuri L"]
[Black "Neikirkh, Oleg"]
[Result "1-0"]
[WhiteElo "2627"]
[BlackElo "2483"]
[EventDate "1958.08.05"]
[PlyCount "82"]
[EventType "tourn"]
[EventRounds "21"]
[EventCountry "YUG"]
[Source "ChessBase"]
[SourceDate "1999.07.01"]
[WhiteTeamCountry "ISL"]
[BlackTeamCountry "ROM"]

{Let's be honest. No one intentionally alternates tactical moves with 
strategic
moves. No master says to says to himself, "I'm going to play something
positional this tum and then next move it'll be time to find a pin or 
skewer that
I can use." It just turns out that way, a happy accident.
Here's an example of mixing little tactics and positional moves from Yuri
Averbakh, best known for his splendid endgame play and books.} 
1. e4 e5 2. Nf3 Nc6 3. Bb5 a6 4. Ba4 Nf6 5. O-O Be7 6. Re1 b5 7. Bb3 O-O 
8. c3 d6 9. h3 Na5 10. Bc2 c5 11. d4 Qc7 12. Nbd2 Nc6 13. dxc5 dxc5 14. 
Nf1 Bd6 15. Nh4 Ne7 16. Qf3 Rd8 17. Ne3 Qc6 D {A few moves earlier White 
was pursuing a standard strategic goal in this
opening, Ne3-d5 . If he had achieved it, Black would have been virtually 
forced - for tactical reasons - to capture the knight. White would then 
retake with his
e-pawn, giving him a passed d-pawn, a wonderful outpost on e4 for his 
pieces
and the c2-h7 diagonal for his light-squared bishop.

But Black discouraged that plan when he retreated his knight from c6 to e7
and puts his queen on c6. Now 18  Nd5? just loses a pawn.
However, Black's regrouping has a drawback. White underlined it when he
played} 18. c4! {Normally, he would be reluctant to reinforce control of 
d5 this way because
it creates a hole at d4 that Black could occupy with a knight. But after .
. . Ne7 I
... ..,Qc6, it's gotten hard for Black to do that.
So far this is purely positional thinking: outposts, passed pawn, hole. 
Black
replied} 18. ... Ne8 D {Black has a strategic goal of his own, occupying 
d4 by a different route, . . .
Nc7-e6-d4 ! .
White cannot stop that through positional means. That's the job of tactics
and
White found} 19. Bb3! {He threatens 20 cxb5 ! followed by Qxf7+ and mates.
That exploits the knight's absence from f6. If the knight goes back, 2 . .
.Nf6,
White has another shot, 20 Ng4 ! . That would lead to clear positional 
edge after } 19. ... b4 {However, this
enabled White to resume improving his game positionally, with} ( 19. ... 
Nf6 20. Ng4 Bxg4 21. hxg4 ) 20. Nd5! {the
move he's wanted to play for several turns.
When Black replied} 20. ... Qb7 {White improved another of his pieces by
means of} 21. Ba4! {Black tried to the same with} 21. ... Nc7 {The Black 
knight is headed once again for d4 via e6. But White found
another way to deter him and, naturally, it was tactical} 22. Bg5! {Black 
had run out of ideas and he accepted the consequences of} 22. ... Ncxd5 ( 
22. ... f6 23. Nxf6+ gxf6 24. Bxf6 {had to give him a winning attack} ) 
23. cxd5 f6 24. Be3 {Since his light-square bishop has no particularly 
good square he traded it off} 24. ... Bd7 25. Bxd7 Qxd7 26. Rac1 Rdc8 27. 
Rc4 Rab8 28. b3 Rc7 29. Rec1 {White has a positionally won game. He may 
not be able to crack through the
queenside defense because Black has committed all his pieces there is. 
Instead,
White switched to the kingside and eventually won after} 29. ... Rb5 30. 
g4 g5 31. Ng2 Kg7 32. h4 h6 33. h5 a5 34. Ne1 Qc8 35. Nd3 f5 36. exf5 Ng8 
37. Re1 Nf6 38. Bc1 Rf7 39. Bb2 Qc7 40. Rce4 Nxe4 41. Qxe4 Kf6 1-0

[Event "Slanchev Breag"]
[Site "Slanchev Breag"]
[Date "1974.??.??"]
[Round "1"]
[White "Taimanov, Mark E"]
[Black "Spassov, Liuben"]
[Result "1-0"]
[WhiteElo "2580"]
[BlackElo "2430"]
[EventDate "1974.??.??"]
[PlyCount "57"]

1. d4 Nf6 2. c4 g6 3. Nc3 d5 4. Nf3 Bg7 5. e3 O-O 6. b4 c6 7. Bb2 Ne4 8. 
Rc1 Nxc3 9. Bxc3 Nd7 10. cxd5 cxd5 11. b5 Re8 12. Be2 Nf6 13. h3 Ne4 14. 
Bb4 f6 15. O-O e5 16. Qc2 Be6 17. Qc7 Rb8 18. a4 Bf7 19. a5 exd4 20. Nxd4 
f5 21. Qxd8 Rexd8 22. Rfd1 Be5 D {Tactical Technique

Most players have an uneasy feeling about composed studies. They don't
like those 'White to play-and-win' positions they see in magazines because
they
seem artificial.

Yes, most studies are very artificial. But what amateurs might like about
them is that the solutions are usually 1 00 percent tactical. You don't 
have to
know esoteric, technical positions. Just work out the tactics.

In fact, one of the best ways to improve your winning technique is to work
on endgame tactics. Technique is mainly a mixture of little tactics 
combined
with progress-making moves, such as creating a passed pawn. Here's a 
dramatic
but not unusual example.

White had employed few tactics to build up his positional edge. But to
convert that edge he needed threats, and he began with
} 23. a6! {Black made another concession with} 23. ... Bxd4 ( {This is 
based on
the elementary} 23. ... bxa6 24. Nc6 ) 24. Rxd4 {and should have
continued 2 . . . bxa6 4 bxa6 Rdc8, now that the fork was eliminated. His 
position
had declined thanks to 1 a6 but is not yet lost.
However, he tried to used his own tactics with the immediate} 24. ... Rdc8
( 24. ... bxa6 25. bxa6 Rdc8 {now that the fork was eliminated. His 
position
had declined thanks to 23 a6 but is not yet lost.
However, he tried to used his own tactics with the immediate} ) 25. Rxc8+ 
Rxc8 {But White had another trick} 26. b6! {to get a protected passed pawn
to the
seventh rank} ( 26. axb7? Rb8 ) 26. ... axb6 ( 26. ... bxa6 27. b7 Rb8 28.
 Bxa6 ) 27. axb7 Rb8 28. Ba6 Be6 29. Rxe4! {By playing over endgames like 
that, or entire games by Magnus Carlsen,
Vladimir Kramnik, Anatoly Karpov or any of the other great players 
mentioned
earlier in this chapter, you should enjoy a greater appreciation of how to
become
what every master is: a positional tactician.
And now for some quiz positions:} 1-0

[Event "Amber-blindfold 09th"]
[Site "Monte Carlo MNC"]
[Date "2000.03.22"]
[Round "6"]
[White "Anand, Viswanathan"]
[Black "Topalov, Veselin"]
[Result "1-0"]
[WhiteElo "2769"]
[BlackElo "2702"]
[EventDate "2000.03.16"]
[PlyCount "93"]
[EventType "tourn (rapid)"]
[EventRounds "11"]
[EventCountry "MNC"]
[EventCategory "18"]
[Source "ChessBase"]
[SourceDate "2000.05.31"]
[WhiteTeamCountry "NED"]
[BlackTeamCountry "NED"]

1. Nf3 c5 2. c4 g6 3. g3 Bg7 4. Bg2 Nc6 5. O-O e6 6. Nc3 Nge7 7. d3 O-O 8.
 Bd2 b6 9. a3 d5 10. Rb1 a5 11. b3 d4 12. Nb5 e5 13. b4 a4 D {What is Wh 
ite's biggest problem and what should he do about it?

------------------

White's biggest problem, surprisingly, is his knight on b5. It's "totally
marooned," White said after the game. As long as it can 't move, White's 
ability
to open the file with bxc5 means little.
} 14. Qc1 ( {The solution is} 14. Ng5 {White threatens Nxd4 ! , since 
after Black captures
on d4 with a pawn, White plays 3 b5 followed by bxc6, exposing b6 as a 
target.  If Black avoids this with, say ...h6} 14. ... f5 ( 14. ... h6?! {
he allows White's second idea} 15. Ne4 f5 16. Ned6 {when the knights are 
doing something} 16. ... Ba6 17. f4 exf4 18. Bxf4 ) 15. bxc5 bxc5 16. Qc1 
) 14. ... f6 15. Bh6 Bxh6 16. Qxh6 Be6 17. Qc1 Qd7 18. Qc2 Kg7 19. Rb2?! (
19. bxc5 bxc5 20. Nd2 f5 21. Rb2 Bf7 22. Re1 h6 23. Nf3 g5 24. Reb1 g4 25.
 Nh4 ) 19. ... g5 20. Rfb1 h6 21. bxc5 bxc5 22. Nd2 f5 23. Nc7 Qxc7 24. 
Rb7 Qd6 25. Bxc6 Kg6 26. Bg2 Ra6 27. g4 Ng8 28. gxf5+ Bxf5 29. Ne4 Bxe4 
30. Bxe4+ Kh5 31. e3 Qe6 32. Kh1 Nf6 33. Qe2+ Kh4 34. Rg1 Nxe4 35. dxe4 d3
36. Qe1 Rf3 37. Rg3 Qf6 38. Qf1 g4 39. Qg2 h5 40. Rh7 Kg5 41. Qh3 Qh6 42. 
Rxh6 Rxh6 43. Qf1 Rd6 44. Rxf3 gxf3 45. h4+ Kh6 46. Qd1 d2 47. Kh2 1-0